[Event "XX Franca Garcia Mem"]
[Site "Osasco"]
[Date "2004.07.07"]
[Round "8"]
[White "Perelshteyn, Eugene"]
[Black "Needleman, Alejandro"]
[Result "1-0"]
[WhiteElo "2512"]
[BlackElo "2420"]
[PlyCount "109"]
[EventDate "2004.07.01"]
[Source "Roberto Alvarez"]
[SourceDate "2004.07.12"]

1. d4 c5 2. d5 Nf6 3. Nc3 g6 4. e4 d6 5. Bb5+ Bd7 6. a4 Bg7 7. Nf3 O-O 8. O-O e6 9. dxe6 Bxe6 10. Ng5 Bg4 11. f3 Bc8 12. f4 Qe7 13. f5 h6 14. Nh3 Nc6 15. Bc4 gxf5 16. exf5 Nd4 17. g4 d5 18. Nxd5 Nxd5 19. Bxd5 Rd8 20. c4 Rxd5 21. cxd5 Ne2+ 22. Kf2 Bd4+ 23. Kf3 b6 24. Qxe2 Qxe2+ 25. Kxe2 Ba6+ 26. Kf3 Bxf1 27. Nf4 Bc4 28. Rb1 Bb3 29. Be3 Be5 30. a5 Rd8 31. axb6 axb6 32. Ra1 Rb8 33. Bd2 b5 34. Bc3 Bxc3 35. bxc3 b4 36. Rc1 Ba4 37. Nd3 b3 38. Nb2 Bd7 39. Ra1 c4 40. Ke3 Re8+ 41. Kd4 Re2 42. Nxc4 Rg2 43. h3 h5 44. Ne5 Rc2 45. Rb1 Ba4 46. Nc4 hxg4 47. hxg4 Rg2 48. Nb6 Rxg4+ 49. Ke5 Bb5 50. Rxb3 Bd3 51. d6 Kf8 52. Nd7+ Kg7 53. Nf6 Ra4 54. d7 Ra8 55. Rb6 1-0

[Event "Sao Paulo"]
[Site "Sao Paulo"]
[Date "1977.??.??"]
[Round "5"]
[White "Vaganian, Rafael A"]
[Black "Van Riemsdijk, Herman C"]
[Result "1-0"]
[WhiteElo "2545"]
[BlackElo "2385"]
[PlyCount "81"]
[EventDate "1977.05.??"]
[Source "www.chesslib.no"]
[SourceDate "2004.05.04"]

1. d4 c5 2. d5 Nf6 3. Nc3 d6 4. e4 g6 5. Be2 Bg7 6. Nf3 Na6 7. O-O Nc7 8. a4 a6 9. Bf4 O-O 10. Qd2 Bg4 11. Rfe1 Nd7 12. Bh6 Bxf3 13. Bxg7 Kxg7 14. Bxf3 b5 15. b3 b4 16. Nd1 e5 17. dxe6 Ne5 18. Be2 Nxe6 19. Ne3 Nd4 20. f4 Nec6 21. Bc4 Ra7 22. Rad1 Qh4 23. Nd5 a5 24. c3 bxc3 25. Qxc3 f6 26. Rd3 Rb7 27. Qd2 Nb4 28. Rg3 f5 29. Nxb4 Rxb4 30. Qf2 Qd8 31. Rge3 fxe4 32. Rxe4 d5 33. Re7+ Rf7 34. Qh4 Qf8 35. Rxf7+ Qxf7 36. Re7 dxc4 37. Rxf7+ Kxf7 38. Qxh7+ Kf6 39. Qh8+ Kf7 40. bxc4 Rb1+ 41. Kf2 1-0

[Event "11th Open"]
[Site "St Affrique"]
[Date "2003.07.20"]
[Round "2"]
[White "Hebden, Mark"]
[Black "Mrdja, Milan"]
[Result "1/2-1/2"]
[WhiteElo "2544"]
[BlackElo "2384"]
[PlyCount "81"]
[EventDate "2003.07.19"]
[Source "Roberto Alvarez"]
[SourceDate "2003.08.04"]

1. d4 c5 2. d5 Nf6 3. Nc3 g6 4. e4 d6 5. Be2 Bg7 6. Nf3 O-O 7. O-O Na6 8. Nd2 Nc7 9. a4 b6 10. Nc4 Bb7 11. Bf4 Nd7 12. Qd2 Ba6 13. b3 Re8 14. Bh6 Bh8 15. Rad1 b5 16. axb5 Nxb5 17. Nxb5 Bxb5 18. Rfe1 a5 19. Bg5 Bxc4 20. Bxc4 Qb6 21. Qe2 Rab8 22. f4 Qb4 23. h3 Bc3 24. Rf1 Kg7 25. Bh4 f6 26. Rf3 Nb6 27. Bb5 Rf8 28. Kh1 Rbc8 29. Ba6 Ra8 30. Bb7 Ra7 31. Bc6 a4 32. bxa4 Nxa4 33. Bg3 Bd4 34. Bxa4 Rxa4 35. Qd3 Bb2 36. e5 fxe5 37. fxe5 Rxf3 38. Qxf3 Bxe5 39. Rf1 Bf6 40. Bxd6 Qe4 41. Qxe4 1/2-1/2

[Event "Minsk"]
[Site "?"]
[Date "2006.07.17"]
[Round "8"]
[White "Mihajlovskij Sergei"]
[Black "Oleksienko Mikhailo"]
[Result "1-0"]
[WhiteElo "2429"]
[BlackElo "2497"]
[PlyCount "99"]
[EventDate "2006.??.??"]
[Source "www.chesslib.no"]
[SourceDate "2004.05.04"]

1. d4 c5 2. d5 Nf6 3. Nc3 g6 4. e4 d6 5. Bb5+ Bd7 6. a4 Bg7 7. Nf3 O-O 8. Bxd7 Nbxd7 9. O-O a6 10. Re1 Ne8 11. Bf4 Nc7 12. Qd3 Rc8 13. e5 dxe5 14. Nxe5 Nf6 15. Rad1 e6 16. Nxf7 Rxf7 17. dxe6 Nxe6 18. Rxe6 Qxd3 19. Rxd3 Ng4 20. Bg3 Bd4 21. Nd1 Rcf8 22. Re2 b5 23. c3 Bf6 24. f3 Nh6 25. Rd6 b4 26. cxb4 cxb4 27. Rxa6 Rd8 28. Rd6 Ra8 29. b3 Nf5 30. Rd3 Rc8 31. Bf2 Rc1 32. g4 Ne7 33. Kg2 Nc6 34. Re6 Ne5 35. Rd5 h5 36. Bg3 Nc6 37. Rdd6 Bg7 38. Rxg6 hxg4 39. fxg4 Na5 40. Ne3 Nxb3 41. Nf5 Kh7 42. Nxg7 Rxg7 43. Rxg7+ Kxg7 44. Rb6 Rc4 45. Be5+ Kf7 46. Kg3 Nc5 47. a5 Nd3 48. Bb8 Rc3 49. a6 Ra3 50. a7 1-0

[Event "Mar del Plata"]
[Site "Mar del Plata"]
[Date "1971.??.??"]
[Round "9"]
[White "Rubinetti, Jorge Alberto"]
[Black "Browne, Walter S"]
[Result "1/2-1/2"]
[WhiteElo "2425"]
[BlackElo "2500"]
[PlyCount "135"]
[EventDate "1971.03.??"]
[Source "ChessBase"]

1. d4 c5 2. d5 Nf6 3. Nc3 d6 4. e4 g6 5. Nf3 Bg7 6. Bb5+ Nbd7 7. Be2 O-O 8. O-O Ne8 9. Bf4 Rb8 10. a4 Nc7 11. Re1 a6 12. Bf1 b5 13. Qd2 Re8 14. e5 b4 15. exd6 exd6 16. Rxe8+ Nxe8 17. Nd1 Qe7 18. c4 bxc3 19. Nxc3 Ndf6 20. Re1 Qb7 21. b3 Qb4 22. Bc4 Bg4 23. Na2 Qb6 24. a5 Qb7 25. Qd3 Bf5 26. Qd1 Bd7 27. h3 Bb5 28. Qd3 Qc7 29. Bd2 Nd7 30. Qc2 Nef6 31. Bc3 Qb7 32. Qd3 Bxc4 33. bxc4 Qb3 34. Nc1 Qb1 35. Qxb1 Rxb1 36. Nd2 Rb8 37. Nd3 Bf8 38. f4 Ne8 39. Kf2 Bg7 40. Bxg7 Kxg7 41. Re7 Nef6 42. g4 Kf8 43. Re1 Re8 44. Rxe8+ Kxe8 45. Kf3 Ke7 46. Nf1 Ng8 47. Ng3 f6 48. h4 Nh6 49. g5 Nf7 50. Ne4 f5 51. Ng3 Nd8 52. Nc1 Nf8 53. Nb3 Nd7 54. Ke3 Nf8 55. Kd3 Nb7 56. Kc3 Kf7 57. Kb2 Kg7 58. Ka3 h5 59. Ka4 Kf7 60. Nd2 Ke7 61. Nb1 Kd7 62. Na3 Kc7 63. Ne2 Nd7 64. Nc3 Nf8 65. Nd1 Nd7 66. Nb2 Nf8 67. Nb5+ Kb8 68. Nc3 1/2-1/2

[Event "Catalunya Team Ch"]
[Site "Catalunya"]
[Date "1996.??.??"]
[Round "?"]
[White "Rodriguez, Orestes"]
[Black "Arencibia, Walter"]
[Result "1-0"]
[WhiteElo "2405"]
[BlackElo "2515"]
[PlyCount "59"]
[EventDate "1996.??.??"]
[Source "www.chesslib.no"]
[SourceDate "2004.05.04"]

1. d4 c5 2. d5 Nf6 3. Nc3 g6 4. e4 d6 5. f4 Bg7 6. Bb5+ Nfd7 7. a4 O-O 8. Nf3 Na6 9. O-O Nc7 10. Bc4 a6 11. Qe2 b5 12. axb5 Nb6 13. Nd2 Qd7 14. Bd3 e6 15. Nc4 Nxc4 16. Bxc4 Bxc3 17. bxc3 exd5 18. exd5 Bb7 19. bxa6 f5 20. Qd3 Ra7 21. Bb2 Bc8 22. Bb3 Rxa6 23. c4 h6 24. Qc3 Kh7 25. Rxa6 Bxa6 26. Ba4 Qf7 27. Re1 g5 28. fxg5 hxg5 29. Qg3 Bxc4 30. Qxg5 1-0

[Event "Capablanca mem-B"]
[Site "Cienfuegos"]
[Date "1996.??.??"]
[Round "13"]
[White "Cifuentes Parada, Roberto"]
[Black "Pecorelli Garcia, Humberto"]
[Result "1-0"]
[WhiteElo "2490"]
[BlackElo "2430"]
[PlyCount "85"]
[EventDate "1996.05.??"]
[Source "ChessBase"]

1. d4 c5 2. d5 Nf6 3. Nc3 e6 4. e4 d6 5. Nf3 exd5 6. exd5 Be7 7. Be2 O-O 8. O-O Na6 9. h3 b6 10. Nh2 Nc7 11. a4 a6 12. Rb1 Bb7 13. Bf3 b5 14. axb5 Nxb5 15. Ne2 c4 16. Ng4 Nxg4 17. Bxg4 Bf6 18. Be3 Qc7 19. c3 Rfe8 20. Qd2 Re5 21. Bf3 Rae8 22. Bf4 R5e7 23. Ng3 g6 24. Ra1 Na7 25. Rfe1 Rxe1+ 26. Rxe1 Rxe1+ 27. Qxe1 Nc8 28. Qe8+ Kg7 29. Ne4 Be7 30. Be3 Bxd5 31. Bd4+ f6 32. Nxf6 Bxf6 33. Bxf6+ Kxf6 34. Bxd5 Nb6 35. Qf8+ Ke5 36. Bg8 d5 37. g3 Ke4 38. Qh6 d4 39. cxd4 Kd3 40. Qc1 Ke2 41. Qc2+ Ke1 42. Qc3+ Kd1 43. b3 1-0

[Event "I Torneig Int. Ciutat d'Alcúdia"]
[Site "Alcúdia"]
[Date "2003.11.17"]
[Round "3.5"]
[White "Vassallo, Mauricio"]
[Black "Moskalenko, Viktor"]
[Result "1/2-1/2"]
[WhiteElo "2384"]
[BlackElo "2529"]
[PlyCount "94"]
[EventDate "2003.11.15"]
[Source "Roberto Alvarez"]
[SourceDate "2003.12.01"]

1. d4 c5 2. d5 Nf6 3. Nc3 d6 4. e4 g6 5. Nf3 Bg4 6. Be2 Bxf3 7. Bxf3 Bg7 8. O-O Nbd7 9. a4 O-O 10. Bf4 Ne8 11. Qd2 Nc7 12. Bh6 Bxh6 13. Qxh6 e5 14. dxe6 Nxe6 15. Bg4 Nd4 16. Bxd7 Qxd7 17. Nd5 f5 18. c3 Ne2+ 19. Kh1 fxe4 20. Qe3 Qf7 21. Rad1 Nf4 22. Qxe4 Rae8 23. Qxf4 Qxf4 24. Nxf4 Rxf4 25. g3 Rxa4 26. Rxd6 Ra2 27. Rb1 Re2 28. Rd8+ Kf7 29. Rd7+ Re7 30. Rd2 a5 31. Rd6 b5 32. Rb6 b4 33. Kg2 Re2 34. cxb4 axb4 35. Rc6 Rc2 36. Kf3 Ke7 37. Rd1 Raxb2 38. Rc7+ Ke6 39. Rc6+ Ke5 40. Kg4 Rxf2 41. Rxc5+ Ke4 42. h4 Rfc2 43. Rb5 Rc3 44. h5 gxh5+ 45. Rxh5 Rc7 46. Rdd5 Rg7+ 47. Kh3 Ra7 1/2-1/2

[Event "RUS-Cup03 (Geller mem)"]
[Site "Moscow"]
[Date "1999.02.13"]
[Round "4"]
[White "Mchedlishvili, Mikheil"]
[Black "Ovetchkin, Roman"]
[Result "1-0"]
[WhiteElo "2400"]
[BlackElo "2511"]
[PlyCount "69"]
[EventDate "1999.02.10"]
[Source "ChessBase"]
[SourceDate "1999.06.08"]

1. d4 c5 2. d5 Nf6 3. Nf3 e6 4. Nc3 exd5 5. Nxd5 Nxd5 6. Qxd5 d6 7. e4 Be7 8. Bc4 O-O 9. Qd3 Nd7 10. Bb3 a6 11. a4 Rb8 12. a5 b5 13. axb6 Nxb6 14. O-O Bd7 15. Rd1 Qc7 16. c4 f5 17. Bc2 Rbe8 18. Qd2 f4 19. b3 Bg4 20. Rxa6 Bxf3 21. gxf3 Nd7 22. Bb2 Kh8 23. e5 Nxe5 24. Bxe5 dxe5 25. Qd3 g6 26. Qd7 Qxd7 27. Rxd7 Rg8 28. Raa7 Rg7 29. Rac7 Bf8 30. Rxg7 Bxg7 31. Rxc5 Rd8 32. Rb5 Bf6 33. c5 Bh4 34. c6 Bxf2+ 35. Kf1 1-0

[Event "Bundesliga 8990"]
[Site "GER"]
[Date "1990.??.??"]
[Round "?"]
[White "Ftacnik, Lubomir"]
[Black "Seul, Georg"]
[Result "1-0"]
[WhiteElo "2560"]
[BlackElo "2350"]
[PlyCount "41"]
[EventDate "1989.10.??"]
[Source "www.chesslib.no"]
[SourceDate "2004.05.04"]

1. d4 c5 2. d5 Nf6 3. Nf3 b5 4. a4 Bb7 5. e4 b4 6. Nbd2 e6 7. dxe6 fxe6 8. e5 Nd5 9. Nc4 Be7 10. Bd3 O-O 11. h4 Nf4 12. Bxh7+ Kxh7 13. Ng5+ Kg8 14. Bxf4 Rxf4 15. Qh5 Be4 16. g3 Bxg5 17. hxg5 Bxh1 18. g6 d5 19. Qh7+ Kf8 20. Qh8+ Ke7 21. Qxg7+ 1-0

[Event "Campionato europeo 2007"]
[Site "Dresda GER"]
[Date "2007.04.07"]
[Round "5.82"]
[White "Romanishin, Oleg"]
[Black "Zherebukh, Yaroslav"]
[Result "1/2-1/2"]
[WhiteElo "2542"]
[BlackElo "2365"]
[PlyCount "37"]
[EventDate "2007.04.03"]
[Source "www.chesslib.no"]
[SourceDate "2004.05.04"]

1. d4 c5 2. d5 Nf6 3. Nc3 e6 4. e4 d6 5. Bb5+ Nbd7 6. dxe6 fxe6 7. Nf3 a6 8. Bxd7+ Qxd7 9. O-O b5 10. e5 dxe5 11. Qxd7+ Nxd7 12. Re1 Bd6 13. Ne4 Bc7 14. b3 Bb7 15. Ba3 Bxe4 16. Rxe4 Rf8 17. Bb2 Rf5 18. a4 O-O-O 19. h3 1/2-1/2

[Event "Buenos Aires PRENAJ"]
[Site "Buenos Aires ARG"]
[Date "1994.??.??"]
[Round "3"]
[White "Casafus, Ruben"]
[Black "Giardelli, Sergio C"]
[Result "0-1"]
[WhiteElo "2430"]
[BlackElo "2475"]
[PlyCount "92"]
[EventDate "1994.??.??"]
[Source "www.chesslib.no"]
[SourceDate "2004.05.04"]

1. d4 c5 2. d5 Nf6 3. Nf3 b5 4. Bg5 d6 5. Bxf6 exf6 6. a4 b4 7. e4 g6 8. Nbd2 Bg7 9. Bb5+ Nd7 10. Nc4 Qc7 11. a5 Rb8 12. Bxd7+ Bxd7 13. O-O O-O 14. Re1 Rfe8 15. Nfd2 f5 16. Qf3 Rbd8 17. Qg3 Bc8 18. Rad1 Qe7 19. f4 Qc7 20. Qf3 fxe4 21. Nxe4 Ba6 22. Ned2 Bd4+ 23. Kh1 Re7 24. f5 Rde8 25. Rf1 Re2 26. f6 Qd8 27. c3 Rxd2 28. Nxd2 Be2 29. Qh3 Bxf6 30. Rde1 Bxf1 31. Rxf1 bxc3 32. bxc3 Re5 33. Qd3 Qe7 34. Nc4 Re1 35. Kg1 Rxf1+ 36. Kxf1 Kg7 37. a6 Qd7 38. Ne3 Qa4 39. Kf2 Qa2+ 40. Nc2 Qa5 41. Ne3 Kf8 42. Nd1 Be5 43. h3 h5 44. Qc4 Ke7 45. Ke2 Kd7 46. Nb2 Kd8 0-1

[Event "Tula (Russia)"]
[Site "?"]
[Date "2003.??.??"]
[Round "6"]
[White "Chepukaitis Genrikh"]
[Black "Vasiukov Evgeni"]
[Result "1/2-1/2"]
[WhiteElo "2390"]
[BlackElo "2514"]
[PlyCount "109"]
[EventDate "2003.??.??"]
[Source "www.chesslib.no"]
[SourceDate "2004.05.04"]

1. d4 c5 2. d5 Nf6 3. Nc3 g6 4. e4 d6 5. f4 Bg7 6. Bb5+ Nfd7 7. a4 O-O 8. Nf3 Na6 9. O-O Nb4 10. Ne2 Nb6 11. a5 Nd7 12. c3 Na6 13. h3 Nc7 14. Bd3 b5 15. g4 e6 16. dxe6 fxe6 17. c4 a6 18. Ra2 Bb7 19. b3 d5 20. Ng3 Rb8 21. g5 bxc4 22. bxc4 Bc6 23. Qc2 Rb4 24. h4 Ba4 25. Qe2 dxc4 26. Bxc4 Bb5 27. Nd2 Nb8 28. Bxb5 Nxb5 29. h5 Nc6 30. Qg4 Ncd4 31. hxg6 hxg6 32. e5 Nf5 33. Nde4 Kf7 34. Rd2 Rd4 35. Re1 Rh8 36. Qf3 Rh3 37. Qg2 Rxg3 38. Nxg3 Rxd2 39. Bxd2 Nxg3 40. Be3 Nf5 41. Bxc5 Qxa5 42. Qb7+ Qc7 43. Qxc7+ Nxc7 44. Kf2 Ke8 45. Kf3 Kd7 46. Ke4 Kc6 47. Rc1 Kb7 48. Bd6 Nd5 49. Rb1+ Kc6 50. Rc1+ Kd7 51. Ba3 Ng3+ 52. Kf3 Nh5 53. Rb1 Nhxf4 54. Bd6 Nh3 55. Kg4 1/2-1/2

[Event "Ch (Men) Minsk BLR"]
[Site "?"]
[Date "2006.03.07"]
[Round "4"]
[White "Mihajlovskij Sergei"]
[Black "Kasparov Sergey"]
[Result "1/2-1/2"]
[WhiteElo "2408"]
[BlackElo "2491"]
[PlyCount "38"]
[EventDate "2006.??.??"]
[Source "www.chesslib.no"]
[SourceDate "2004.05.04"]

1. d4 c5 2. d5 Nf6 3. Nc3 d6 4. e4 g6 5. Bb5+ Bd7 6. a4 Bg7 7. Nf3 Bxb5 8. axb5 Nbd7 9. O-O O-O 10. Qe2 Ne8 11. Bg5 Nc7 12. Ra3 Re8 13. Rfa1 a6 14. bxa6 Rxa6 15. Rxa6 bxa6 16. Nd1 Qb8 17. Nd2 e6 18. dxe6 Rxe6 19. Qf1 Qe8 1/2-1/2

[Event "14th Asian Cities"]
[Site "Tagaytay City"]
[Date "2004.03.21"]
[Round "1"]
[White "Torre, Eugenio"]
[Black "Situru, Nathanael"]
[Result "0-1"]
[WhiteElo "2521"]
[BlackElo "2375"]
[PlyCount "74"]
[EventDate "2004.03.21"]
[Source "Roberto Alvarez"]
[SourceDate "2004.03.29"]

1. d4 c5 2. d5 Nf6 3. Nc3 d6 4. e4 g6 5. Nf3 Bg7 6. Bb5+ Nfd7 7. a4 O-O 8. O-O Na6 9. Re1 Nc7 10. Bc4 a6 11. Bf4 h6 12. Nd2 Rb8 13. a5 b5 14. axb6 Nxb6 15. Bf1 f5 16. g3 e5 17. dxe6 Nxe6 18. Ne2 g5 19. exf5 Nxf4 20. gxf4 gxf4 21. Nxf4 Qg5+ 22. Ng2 Qxf5 23. f4 Bxb2 24. Ra2 Nd5 25. Bd3 Bd4+ 26. Kh1 Qf7 27. Bc4 Rb4 28. Ra3 Bb2 29. Rg3+ Kh8 30. Ne4 Rxc4 31. Nxd6 Qc7 32. Nxc4 Nxf4 33. Rf1 Rd8 34. Qf3 Nxg2 35. Rxg2 Bb7 36. Qf5 Bxg2+ 37. Kxg2 Qg7+ 0-1

[Event "Lloyds Bank Open"]
[Site "London ENG"]
[Date "1994.??.??"]
[Round "8"]
[White "Gurevich, Dmitry B"]
[Black "Mortazavi, Ali"]
[Result "1-0"]
[WhiteElo "2545"]
[BlackElo "2350"]
[PlyCount "73"]
[EventDate "1994.08.??"]
[Source "www.chesslib.no"]
[SourceDate "2004.05.04"]

1. d4 c5 2. d5 Nf6 3. Nc3 g6 4. e4 d6 5. Nf3 Bg7 6. Bb5+ Bd7 7. a4 O-O 8. O-O Bg4 9. Re1 Nbd7 10. h3 Bxf3 11. Qxf3 Ne8 12. Bf1 e5 13. dxe6 fxe6 14. Qe2 Qe7 15. Be3 a6 16. Qd2 Ne5 17. Rad1 Kh8 18. Nb1 Qf7 19. c3 Rd8 20. Qe2 c4 21. Bb6 Rd7 22. Qd2 d5 23. exd5 exd5 24. Bc5 Rg8 25. f4 Nd3 26. Bxd3 cxd3 27. Qe3 Nf6 28. Qxd3 Re8 29. Nd2 Rdd8 30. Bd4 Qc7 31. g3 Qd7 32. Kg2 Qxa4 33. Nf3 Ne4 34. Ne5 Kg8 35. Bb6 Rd6 36. Rxe4 Bxe5 37. Rxa4 1-0

[Event "Novi Sad ol (Men)"]
[Site "Novi Sad YUG"]
[Date "1990.??.??"]
[Round "7"]
[White "Arencibia, Walter"]
[Black "Mascarinas, Rico"]
[Result "1-0"]
[WhiteElo "2425"]
[BlackElo "2470"]
[PlyCount "116"]
[EventDate "1990.11.??"]
[Source "www.chesslib.no"]
[SourceDate "2004.05.04"]

1. d4 c5 2. d5 Nf6 3. Nc3 g6 4. e4 d6 5. f4 Bg7 6. Nf3 O-O 7. Bd3 e6 8. O-O exd5 9. Nxd5 Nc6 10. Nxf6+ Qxf6 11. c3 Qe7 12. Bd2 Rb8 13. Qe2 Re8 14. Rae1 Be6 15. Bc4 Bxc4 16. Qxc4 Qe6 17. Qxe6 Rxe6 18. f5 Ree8 19. Bf4 Rbd8 20. Kf2 Be5 21. Nxe5 Nxe5 22. Rd1 c4 23. Rd4 b5 24. Bxe5 Rxe5 25. g4 gxf5 26. gxf5 Kf8 27. Rfd1 Ke7 28. Kf3 a6 29. Kf4 h6 30. a4 Rc5 31. axb5 axb5 32. Ra1 Rc7 33. Rd5 Rb7 34. e5 dxe5+ 35. Rxe5+ Kf6 36. Ra6+ Kg7 37. Re3 Rbd7 38. Rg3+ Kh7 39. Rf6 Rg8 40. Rh3 Kg7 41. Rfxh6 Rd2 42. Rh7+ Kf8 43. R3h6 Rgg2 44. Rb6 Kg8 45. Rh3 Rdf2+ 46. Ke5 Rg5 47. Rg3 Rfxf5+ 48. Kd6 Rd5+ 49. Kc6 Rc5+ 50. Kb7 Rxg3 51. hxg3 Kg7 52. Ka6 f6 53. Rxb5 Rc8 54. Kb7 Re8 55. Rb4 Re2 56. Kc6 Kg6 57. Kd5 Rg2 58. Kxc4 Rxg3 1-0

[Event "Cansys GM-Nov"]
[Site "Budapest HUN"]
[Date "1991.??.??"]
[Round "3"]
[White "Shereshevski, Mikhail"]
[Black "Szalanczy, Emil"]
[Result "1-0"]
[WhiteElo "2470"]
[BlackElo "2420"]
[PlyCount "123"]
[EventDate "1991.11.??"]
[Source "www.chesslib.no"]
[SourceDate "2004.05.04"]

1. d4 c5 2. d5 Nf6 3. Nf3 e6 4. Nc3 d6 5. e4 exd5 6. exd5 Be7 7. Be2 O-O 8. O-O h6 9. Bf4 Bf5 10. Nd2 Na6 11. Bf3 Qd7 12. Nc4 Rfe8 13. a4 Nc7 14. Ne3 Bh7 15. h3 Bf8 16. Ra3 Ne4 17. Nxe4 Bxe4 18. Be2 Rab8 19. Re1 b6 20. f3 Bh7 21. Bd3 Bxd3 22. Qxd3 Qe7 23. Bg3 Qf6 24. c3 h5 25. Raa1 g6 26. Qc4 Bh6 27. Nc2 Bd2 28. Re4 Rbd8 29. Rd1 Rxe4 30. fxe4 Qg5 31. Qd3 Bf4 32. Bxf4 Qxf4 33. Rf1 Qe5 34. Na3 Re8 35. Nc4 Qxe4 36. Qxe4 Rxe4 37. Nxd6 Rxa4 38. c4 f5 39. Re1 Kf8 40. Nb7 Ne8 41. d6 Nxd6 42. Nxd6 h4 43. Kf2 Rb4 44. Re2 Rb3 45. Nb5 a5 46. Rc2 Kf7 47. Nc3 g5 48. Ke3 Kg6 49. Kd3 g4 50. hxg4 fxg4 51. Ke4 Kg5 52. Ke5 g3 53. Rd2 h3 54. gxh3 Kh4 55. Kf4 Kxh3 56. Rd3 Rxb2 57. Rxg3+ Kh2 58. Ne4 b5 59. Ng5 Rf2+ 60. Nf3+ Rxf3+ 61. Kxf3 b4 62. Rg2+ 1-0

[Event "Novi Sad"]
[Site "Novi Sad"]
[Date "1981.??.??"]
[Round "2"]
[White "Rakic, Tomislav"]
[Black "Popov, Luben"]
[Result "1/2-1/2"]
[WhiteElo "2425"]
[BlackElo "2465"]
[PlyCount "97"]
[EventDate "1981.03.??"]
[Source "ChessBase"]

1. d4 c5 2. d5 Nf6 3. Nc3 g6 4. Nf3 d6 5. Bf4 Bg7 6. e3 Nh5 7. Bg5 O-O 8. Be2 h6 9. Bh4 Nf6 10. O-O Na6 11. e4 Nc7 12. a4 e6 13. Nd2 exd5 14. exd5 b6 15. Nc4 Ba6 16. Ne3 Bxe2 17. Qxe2 Qd7 18. Qf3 Nh7 19. g4 Ng5 20. Bxg5 hxg5 21. Ne4 Qe7 22. Rfe1 Rae8 23. Nc4 Nxd5 24. Kf1 Qc7 25. Rad1 Nb4 26. Ncxd6 Re6 27. c3 Nc6 28. Nc4 Qe7 29. Ned6 Ne5 30. Qg2 Nxc4 31. Nxc4 Rxe1+ 32. Rxe1 Qd7 33. Ne3 Re8 34. a5 Qb5+ 35. Re2 Be5 36. axb6 axb6 37. Qd5 Bxh2 38. Qxg5 Qd3 39. Qd5 Qb1+ 40. Qd1 Qe4 41. Qd5 Qb1+ 42. Nd1 Rxe2 43. Kxe2 Bf4 44. Qd3 Qc1 45. c4 Be5 46. b3 Bd4 47. Kf3 Qg5 48. Qe4 Kg7 49. Ne3 1/2-1/2

[Event "Mar del Plata Open"]
[Site "Mar del Plata ARG"]
[Date "1994.??.??"]
[Round "6"]
[White "Fernandez Garcia, Jose L"]
[Black "Van Riemsdijk, Herman C"]
[Result "1/2-1/2"]
[WhiteElo "2455"]
[BlackElo "2435"]
[PlyCount "45"]
[EventDate "1994.04.??"]
[Source "www.chesslib.no"]
[SourceDate "2004.05.04"]

1. d4 c5 2. d5 Nf6 3. Nf3 g6 4. Nc3 d6 5. e4 Na6 6. e5 dxe5 7. Nxe5 Bg7 8. Bb5+ Nd7 9. Nc6 Qb6 10. Qd3 Nc7 11. Nxe7 Kxe7 12. d6+ Qxd6 13. Bg5+ f6 14. Qxd6+ Kxd6 15. O-O-O+ Ke7 16. Rhe1+ Ne6 17. Nd5+ Kf7 18. Rxe6 Kxe6 19. Nc7+ Ke7 20. Bf4 Ne5 21. Nxa8 Bg4 22. f3 Rxa8 23. fxg4 1/2-1/2

[Event "POL-ch40"]
[Site "Piotrkow Trybunalski"]
[Date "1983.02.27"]
[Round "15"]
[White "Adamski, Jan"]
[Black "Sznapik, Aleksander"]
[Result "1/2-1/2"]
[WhiteElo "2425"]
[BlackElo "2460"]
[PlyCount "26"]
[EventDate "1983.02.??"]
[Source "www.chesslib.no"]
[SourceDate "2004.05.04"]

1. d4 c5 2. d5 Nf6 3. Nf3 g6 4. Nc3 Bg7 5. e4 d6 6. Bb5+ Bd7 7. Bxd7+ Nbxd7 8. a4 O-O 9. O-O a6 10. Re1 Qc7 11. Bf4 Rfe8 12. h3 b6 13. Bh2 Qb7 1/2-1/2

[Event "DSU"]
[Site "?"]
[Date "1997.05.20"]
[Round "?"]
[White "Hagstroem Allan (SWE)"]
[Black "Nilsson Joergen (SWE)"]
[Result "0-1"]
[WhiteElo "2410"]
[BlackElo "2475"]
[PlyCount "96"]
[EventDate "1997.??.??"]
[Source "www.chesslib.no"]
[SourceDate "2004.05.04"]

1. d4 c5 2. d5 Nf6 3. Nc3 g6 4. e4 d6 5. f4 Bg7 6. Nf3 O-O 7. Be2 e6 8. dxe6 Bxe6 9. O-O Nc6 10. f5 gxf5 11. Bg5 fxe4 12. Nxe4 d5 13. Nxf6+ Bxf6 14. Bxf6 Qxf6 15. c3 Kh8 16. Nd4 Qg5 17. Nxc6 bxc6 18. Rf2 Rab8 19. b3 Bf5 20. Qc1 Qxc1+ 21. Rxc1 Be4 22. Rf6 Rbd8 23. Rd1 d4 24. cxd4 cxd4 25. Bd3 Kg7 26. Rf4 Bxd3 27. Rxd3 c5 28. Rf5 Rc8 29. Rg3+ Kh8 30. Kf2 f6 31. Ke2 Rce8+ 32. Kd3 Re5 33. Rgf3 Kg7 34. g4 h6 35. h4 Rf7 36. h5 Rd7 37. R3f4 Rd6 38. a3 a5 39. Rf3 Rde6 40. R5f4 Re2 41. Kc4 Rc2+ 42. Kb5 Re3 43. Rxe3 dxe3 44. Kxa5 e2 45. Re4 f5 46. gxf5 Kf6 47. b4 Kxf5 48. Re8 Kf4 0-1

[Event "Groningen Open"]
[Site "Groningen NED"]
[Date "1993.??.??"]
[Round "9"]
[White "Kogan, Artur"]
[Black "Gofshtein, Zeev-Alon"]
[Result "1-0"]
[WhiteElo "2340"]
[BlackElo "2540"]
[PlyCount "83"]
[EventDate "1993.12.??"]
[Source "www.chesslib.no"]
[SourceDate "2004.05.04"]

1. d4 c5 2. d5 Nf6 3. Nc3 d6 4. e4 g6 5. Nf3 Bg7 6. Bb5+ Bd7 7. a4 O-O 8. O-O Na6 9. h3 Nc7 10. Be2 a6 11. Be3 b5 12. e5 Nfe8 13. Qd2 dxe5 14. axb5 Bxb5 15. Bxc5 Nd6 16. Bxb5 Ncxb5 17. Nxb5 axb5 18. Qb4 Qd7 19. Rfe1 f6 20. Nd2 Rfc8 21. c3 Rxa1 22. Rxa1 Nf5 23. c4 Qc7 24. Ne4 bxc4 25. Ra7 Qd8 26. Qb7 Rb8 27. Qc6 Kh8 28. Qe6 Qg8 29. Bxe7 Qxe6 30. dxe6 Nd4 31. Bd6 Re8 32. e7 f5 33. Nc3 Kg8 34. Nd5 Ne6 35. Ba3 e4 36. Ra6 Kf7 37. Ra4 Rc8 38. Nb6 Rc7 39. Nxc4 Nc5 40. Ra5 Bd4 41. Nd6+ Kxe7 42. Nb5 1-0

[Event "JUG Team Ch"]
[Site "Nis YUG"]
[Date "1994.??.??"]
[Round "?"]
[White "Kovacevic, Slobodan"]
[Black "Cabrilo, Goran"]
[Result "1/2-1/2"]
[WhiteElo "2400"]
[BlackElo "2480"]
[PlyCount "64"]
[EventDate "1994.10.??"]
[Source "www.chesslib.no"]
[SourceDate "2004.05.04"]

1. d4 c5 2. d5 Nf6 3. Nf3 d6 4. Nc3 g6 5. e4 Bg7 6. Be2 O-O 7. O-O Na6 8. a4 Nc7 9. Nd2 b6 10. h3 Rb8 11. Nc4 Ba6 12. Bf4 Bxc4 13. Bxc4 a6 14. Re1 b5 15. axb5 axb5 16. Bf1 Nd7 17. Qd2 Re8 18. Ra7 b4 19. Na4 Ra8 20. Rxa8 Qxa8 21. c3 bxc3 22. Nxc3 Rb8 23. Qc2 h5 24. Rb1 Qb7 25. Bd2 Qb3 26. Qxb3 Rxb3 27. Nd1 Bd4 28. Ra1 Rb7 29. Ra2 Kg7 30. Be2 Nf6 31. Nc3 Kf8 32. Bd3 Nd7 1/2-1/2

[Event "DSV-Turnier"]
[Site "Berlin-Ost"]
[Date "1979.??.??"]
[Round "7"]
[White "Plachetka, Jan"]
[Black "Sznapik, Aleksander"]
[Result "1-0"]
[WhiteElo "2445"]
[BlackElo "2435"]
[PlyCount "115"]
[EventDate "1979.??.??"]
[Source "www.chesslib.no"]
[SourceDate "2004.05.04"]

1. d4 c5 2. d5 Nf6 3. Nc3 d6 4. e4 g6 5. Nf3 Bg7 6. Bb5+ Nbd7 7. a4 O-O 8. O-O a6 9. Be2 b6 10. Re1 Bb7 11. Bf4 Qc7 12. Nd2 Rad8 13. Bg3 Ne8 14. Nc4 Bd4 15. Qd2 Ng7 16. Nd1 f5 17. c3 Bf6 18. exf5 Nxf5 19. Bf4 Bg7 20. Rb1 Nf6 21. Nce3 Nxe3 22. Bxe3 Nxd5 23. Bxa6 Bxa6 24. Qxd5+ Kh8 25. Bg5 Rf5 26. Qd2 Re8 27. Bh6 Bxh6 28. Qxh6 Bb7 29. Ne3 Qc6 30. f3 Rf7 31. b3 Ref8 32. c4 e6 33. Rf1 d5 34. Ng4 Rf5 35. Ne3 Rf4 36. Ng4 d4 37. Ne5 Qe8 38. Rbe1 R4f5 39. Rf2 g5 40. Ng4 Bc8 41. h4 Qd8 42. hxg5 Rxg5 43. Re5 Rg6 44. Qd2 Qd6 45. Rg5 Rxg5 46. Qxg5 Rf5 47. Qh6 Qd8 48. Re2 Rf7 49. Qh2 Qf8 50. Re4 Rf5 51. Nf2 Qd8 52. Nd3 Qf8 53. Qc7 Rg5 54. Ne5 Rf5 55. Rh4 Qg8 56. Rg4 Qf8 57. Rh4 Qg8 58. Rh6 1-0